000 03306cam a22001934a 4500
005 20250724134459.0
008 250528s ||||||||||||||||||||||||d
035 _a24853
020 _a9789606453762
040 _aGR-AtMCL
_bgre
_dGR-AtMCL
_eAACR2
245 1 _aΥπολογιστική νέφους :
_bΤο μέλλον της υπολογιστικής
260 _bΚλειδάριθμος,
_c2023
300 _a348
520 _aΣτο βιβλίο εξετάζονται αναλυτικά τόσο οι υλικές όσο και οι εικονικές εγκαταστάσεις των κέντρων δεδομένων, συμπεριλαμβανομένων των υπολογιστικών συστημάτων (π.χ. διακομιστές, υπερεπόπτες, εικονικές μηχανές και περιέκτες), των δικτύων (π.χ. αρχιτεκτονική δικτύων φύλλων-κορμών, δίκτυα VLAN και VXLAN), και των μηχανισμών αποθήκευσης (π.χ. SAN, NAS και αποθήκευση αντικειμένων). Τα κεφάλαια που αφορούν την αυτοματοποίηση και την ενορχήστρωση καλύπτουν την εννοιολογική οργάνωση των συστημάτων που αναλαμβάνουν την αυτόματη διάθεση και κλιμάκωση του λογισμικού. Στα κεφάλαια σχετικά με το λογισμικό που είναι εγγενές στο νέφος καλύπτονται ο παραλληλισμός, οι μικροϋπηρεσίες, το μοντέλο MapReduce, ο σχεδιασμός λογισμικού βασισμένου σε ελεγκτές, και η υπολογιστική χωρίς διακομιστή. Το βιβλίο επικεντρώνεται μεν σε έννοιες και αρχές, αλλά επιστρατεύει στα παραδείγματά του διαδεδομένες τεχνολογίες όπως είναι οι περιέκτες Docker και το σύστημα Kubernetes. Τα τελευταία κεφάλαια του βιβλίου εξηγούν τα ζητήματα που αφορούν την ασφάλεια στο νέφος, καθώς και τη χρήση μοντέλων τα οποία διευκολύνουν τον χειρισμό των ιδιαιτεροτήτων που ενέχει ο σχεδιασμός λογισμικού για το νέφος. Σχεδιασμένο ως εγχειρίδιο για σπουδαστές και επαγγελματίες, το βιβλίο απευθύνεται σε σπουδαστές τεχνολογίας λογισμικού και επαγγελματίες μηχανικούς λογισμικού που θέλουν να κατανοήσουν την τεχνολογία του νέφους, αλλά και για υπεύθυνους εταιρικών τμημάτων πληροφορικής που θέλουν να μεταφέρουν τις υπολογιστικές υπηρεσίες των εταιρειών τους στο νέφος.
700 1 _aComer, Douglas E.
_92949
942 _cBK
999 _c9690
_d9690